000 00340cam a2200133ua 4500
999 _c14856
_d14856
020 _a9788127239916
082 _a631.56
_bPAN/PR
100 _aPandey, P H .
_9997
245 _aPrinciples and practices of post harvest technology /
250 _a2
260 _aNew Delhi :
_bKalyani Publishers ,
_c2016
300 _a539p.
942 _cBK